Entry Nombre personal
001 - NÚMERO DE CONTROL
- campo de control: 156092
003 - IDENTIFICADOR DE NÚMERO DE CONTROL
- campo de control: OSt
005 - FECHA Y HORA DE LA ÚLTIMA TRANSACCIÓN
- campo de control: 20250817063125.0
008 - ELEMENTOS DE DATO DE LONGITUD-FIJA
- campo de control de longitud fija: 141229 b azzaaaaaa a aaa d
040 ## - FUENTE DE CATALOGACIÓN
- Centro catalogador/agencia de origen: OSt
- Centro/agencia transcriptor: OSt
100 0# - ENCABEZAMIENTO-NOMBRE DE PERSONA
- Nombre de persona: Isabel,
- Títulos y otros términos asociados al nombre: Reina consorte de Dionisio I, Rey de Portugal, Santa,
- Fechas asociadas al nombre: 1271-1336
400 0# - TRAZADO DE VÉASE--NOMBRE DE PERSONA
- Nombre de persona: Isabel,
- Títulos y otros términos asociados al nombre: Santa,
- Fechas asociadas al nombre: 1271-1336
400 0# - TRAZADO DE VÉASE--NOMBRE DE PERSONA
- Nombre de persona: Isabel de Aragón,
- Títulos y otros términos asociados al nombre: $cReina consorte de Dionisio I, Rey de Portugal, Santa,
- Fechas asociadas al nombre: 1271-1336
400 0# - TRAZADO DE VÉASE--NOMBRE DE PERSONA
- Nombre de persona: Isabel de Aragón,
- Títulos y otros términos asociados al nombre: Santa,
- Fechas asociadas al nombre: 1271-1336
400 0# - TRAZADO DE VÉASE--NOMBRE DE PERSONA
- Nombre de persona: Isabel de Portugal,
- Títulos y otros términos asociados al nombre: Santa,
- Fechas asociadas al nombre: 1271-1336
